000 00584nam a2200229Ia 4500
005 20250425162831.0
008 250425s9999 xx 000 0 und d
020 _a9780813815879
041 _aeng
044 _a-us
082 _a639.8
_pBHU
100 _aBhujel, Ram C.
245 0 _aStatistics For Aquaculture
_cRam C. Bhujel
250 _a1A. ED.
260 _aNueva Delhi
_bWILEY-BLACKWELL
_c2008
264 _aEstados Unidos, IOWA CITY
_bWILEY-BLACKWELL
_c2008.
300 _a222
650 _aACUICULTURA
650 _aESTADISTICA
942 _c01
010 _a110948
999 _c237360
_d237360